Statistics for Persona 5 Simple Quiz

Click here to take the quiz!

General Stats

  • This quiz has been taken 262 times
  • The average score is 17 of 36

Answer Stats

Question Answer % Correct
Who is PantherAnn
97%
Who is SkullRyuji
95%
Who is MonaMorgana
94%
Who is OracleFutaba
93%
Who is QueenMakoto
90%
Who is NoirHaru
87%
Who is the first palace victimKamoshida
84%
Who is FoxYusuke
84%
Who is the second palace victimMadarame
80%
Who is JokerAkira
78%
Who is the third palace victimKaneshiro
75%
Who owns the Velvet RoomIgor
73%
Where is your six day school tripHawaii
51%
How does your Velvet Room formPrison
43%
Where is the game taken placeJapan
42%
What are your bondsConfidants
42%
Who is your caretakerSojiro Sakura
39%
Who is the fourth palace victimFutaba Sakura
33%
Who is the sixth palace victimSae Nijima
31%
Who is first to find out you're a theifMishima
26%
Who is the seventh palace victimMasayoshi Shido
25%
Who is your teacherSadayo Kawakami
22%
Who are the twin wardensCaroline & Justine
21%
Who is CrowAketchi
19%
Who is the fifth palace victimKunikazu Okumura
17%
How does Sae's palace formA Casino
15%
How does Kamoshida's palace formA Castle
15%
How does Madarame's palace formA Museum
13%
How does Futaba's palace formA Pyramid
12%
How does Shido's palace formA Ship
12%
How does Kaneshiro's palace formA Bank
12%
What is your alliance calledThe Phantom Theives
11%
How does Kunikazu's palace formSpaceport
7%
Who is the final bossFake Igor
5%

Score Distribution

Percentile by Number Answered

Percent of People with Each Score

Your Score History

You have not taken this quiz